Getting the message: A reading course for schools (student's book 2)

Đã lưu trong:
Bibliografiske detaljer
Hovedforfatter: Dermot Murphy
Format: Bog
Sprog:Undetermined
Udgivet: Cambridge, UK Cambridge Univ. Press 1995
Fag:
Tags: Tilføj Tag
Ingen Tags, Vær først til at tagge denne postø!
Thư viện lưu trữ: Trung tâm Học liệu Trường Đại học Cần Thơ
LEADER 00616nam a2200205Ia 4500
001 CTU_57513
008 210402s9999 xx 000 0 und d
020 |b 95000 
082 |a 428.64 
082 |b M978/T2 
100 |a Dermot Murphy 
245 0 |a Getting the message: A reading course for schools (student's book 2) 
245 0 |c Dermot Murphy and Janelle Cooper 
260 |a Cambridge, UK 
260 |b Cambridge Univ. Press 
260 |c 1995 
650 |a english language,english language 
650 |x readers,for foreigners 
904 |i Minh 
980 |a Trung tâm Học liệu Trường Đại học Cần Thơ